"Wheat Drying Air Fryer Using Water Irrigation As A Power Supply " (Record no. 85963)

MARC details
000 -LEADER
fixed length control field 03471nam a22002657a 4500
003 - CONTROL NUMBER IDENTIFIER
control field URS
005 - DATE AND TIME OF LATEST TRANSACTION
control field 20251022110328.0
008 - FIXED-LENGTH DATA ELEMENTS--GENERAL INFORMATION
fixed length control field 250908b ||||| |||| 00| 0 eng d
040 ## - CATALOGING SOURCE
Transcribing agency URS
245 ## - TITLE STATEMENT
Title "Wheat Drying Air Fryer Using Water Irrigation As A Power Supply "
Remainder of title Gian Ace C. PeƱada ...et al...
260 ## - PUBLICATION, DISTRIBUTION, ETC.
Date of publication, distribution, etc. May 2024
300 ## - PHYSICAL DESCRIPTION
Extent 67 pages.,;
Other physical details illustrations
Dimensions 28cm.
336 ## - CONTENT TYPE
Source rdacontent
Content type term text
337 ## - MEDIA TYPE
Source rdamedia
Media type term unmediated
338 ## - CARRIER TYPE
Source rdacarrier
Carrier type term volume
502 ## - DISSERTATION NOTE
Dissertation note Thesis
Degree type College of Engineering
Name of granting institution University of Rizal System-Morong
Year degree granted 2024
520 ## - SUMMARY, ETC.
Summary, etc. The potential benefits of wheat, the most important staple crop in temperate zones, are significant, especially as demand increases in countries undergoing urbanization and industrialization. The development of the Wheat Drying Air Fryer addresses underlying problems related to traditional drying methods, which often use sawdust as a heat source that can be harmful to health if not properly controlled. Traditional methods are also time-consuming for farmers. The researcher developed the Wheat Drying Air Fryer using water irrigation as a power supply, creating a modern device for farmers to dry wheat efficiently while ensuring their health and safety. With this modern device, the time required for drying wheat is significantly reduced. The development of the study also aims to benefit the agricultural sector. The development of the system partially depends on the perceptions and opinions of board members of Salang Bata and Salang Matanda, as well as farmers, to increase acceptability and performance levels. Survey forms were used to classify results in terms of Functional Suitability, Performance Efficiency, Usability, Maintainability, and Reliability. The data were tabulated, tallied, and statistically analyzed using weighted mean. For the six-month development period, the researchers used a combination of developmental and descriptive research approaches. The developmental approach focused on designing and developing each component, the overall operation, and the interconnection of the whole device. The descriptive approach was used to determine the level of acceptability of the developed device through survey questionnaires. These questionnaires were evaluated using a 4-point Likert Scale to effectively assess acceptability based on respondents' perceptions. The developed Wheat Drying Air Fryer, powered by water irrigation, uses wheat harvested during sunny seasons rather than rainy seasons. After a 3-hour trial, the researchers found that the wheat dried faster than with traditional sun-drying methods. This modern device is also more cost-effective and requires less manpower and wood compared to conventional dryers. Enhancing the effectiveness of wheat drying systems contributes to agricultural productivity, energy efficiency, and operational capacity. Based on the findings and conclusions, the developed Wheat Drying Air Fryer using water irrigation as a power supply achieved the desired results in terms of drying wheat, temperature control, and durable construction.
700 1# - ADDED ENTRY--PERSONAL NAME
Personal name Gian Ace C. PeƱada,
Relator term author
700 1# - ADDED ENTRY--PERSONAL NAME
Personal name John Victor R. Matela,
Relator term author
700 1# - ADDED ENTRY--PERSONAL NAME
Personal name Archie Adrian S. Pagalunan,
Relator term author
700 1# - ADDED ENTRY--PERSONAL NAME
Personal name Rolando M. Reyes Jr.,
Relator term author
700 ## - ADDED ENTRY--PERSONAL NAME
Personal name Herrera, John Neil B.
Relator term Degree Supervisor
856 ## - ELECTRONIC LOCATION AND ACCESS
Materials specified Online Request for Student Unpublished Works
Uniform Resource Identifier <a href="https://forms.gle/7LqvGGkaDrUQqz429">https://forms.gle/7LqvGGkaDrUQqz429</a>
942 ## - ADDED ENTRY ELEMENTS (KOHA)
Source of classification or shelving scheme Library of Congress Classification
Koha item type Theses and dissertations
Holdings
Withdrawn status Source of classification or shelving scheme Damaged status Not for loan Collection code Home library Current library Date acquired Total Checkouts Barcode Date last seen Price effective from Koha item type
  Library of Congress Classification     Reference Morong College Library Morong College Library 09/08/2025   URSMOR-CL-6843 09/08/2025 09/08/2025 Theses and dissertations

University of Rizal System
Email us at univlibservices@urs.edu.ph

Visit our Website www.urs.edu.ph/library